India-poland relations in the 21st century (Record no. 990758)

MARC details
000 -LEADER
fixed length control field 01003nam a2200289Ia 4500
003 - CONTROL NUMBER IDENTIFIER
control field OSt
005 - DATE AND TIME OF LATEST TRANSACTION
control field 20221005083347.0
008 - FIXED-LENGTH DATA ELEMENTS--GENERAL INFORMATION
fixed length control field 221004b |||||||| |||| 00| 0 eng d
020 ## - INTERNATIONAL STANDARD BOOK NUMBER
International Standard Book Number 9789382652649 (hbk)
037 ## - SOURCE OF ACQUISITION
Terms of availability Textual
040 ## - CATALOGING SOURCE
Original cataloging agency CRL
Transcribing agency CRL
Language of cataloging eng
041 ## - LANGUAGE CODE
Source of code eng
Language code of text/sound track or separate title eng
100 ## - MAIN ENTRY--PERSONAL NAME
Personal name Sakhuja Vijay Ed.
9 (RLIN) 455772
245 #0 - TITLE STATEMENT
Title India-poland relations in the 21st century
Remainder of title Vistas for future coopration
260 ## - PUBLICATION, DISTRIBUTION, ETC.
Place of publication, distribution, etc. New Delhi
Name of publisher, distributor, etc. Vij books india pvt ltd India
Date of publication, distribution, etc. 2014
300 ## - PHYSICAL DESCRIPTION
Extent xiv, 158p.
Dimensions cm.
490 ## - SERIES STATEMENT
Series statement Polski instytut spraw miedzynarodowych the polish institute of international affairs
650 ## - SUBJECT ADDED ENTRY--TOPICAL TERM
Topical term or geographic name entry element HISTORY
700 ## - ADDED ENTRY--PERSONAL NAME
Personal name Kugiel Patryk Ed.
9 (RLIN) 612542
700 ## - ADDED ENTRY--PERSONAL NAME
Personal name Upadhyay Dinoj K Ed.
9 (RLIN) 459094
942 ## - ADDED ENTRY ELEMENTS (KOHA)
Classification part V2:19595.P1, Q4
Koha item type Textual
Source of classification or shelving scheme
Holdings
Withdrawn status Lost status Damaged status Not for loan Home library Current library Date acquired Source of acquisition Total Checkouts Full call number Barcode Date last seen Price effective from Koha item type
        Central Library Central Library 2022-10-05 gift, 03/11/2015,   V2:19595.P1 Q4 CL1170475 2022-10-05 2022-10-05 Textual
Copyright @ Delhi University Library System